Género, comercio internacional y desarrollo: una relación conflictiva /
El artículo sostiene que es necesario repensar, en el marco de los organismos internacionales, la relación entre comercio, crecimiento económico y género, y aprovechar la integración regional para lograr mejores condiciones de vida y sociedades más equitativas
Furkejuvvon:
| Váldodahkki: | |
|---|---|
| Materiálatiipa: | Texto |
| Fáttát: | |
| Fáddágilkorat: |
Lasit fáddágilkoriid
Eai fáddágilkorat, Lasit vuosttaš fáddágilkora!
|
MARC
| LEADER | 00000 a a2200000 04500 | ||
|---|---|---|---|
| 001 | 10928 | ||
| 003 | |||
| 040 | |||
| 100 | |a Rodríguez, Graciela | ||
| 245 | |a Género, comercio internacional y desarrollo: |b una relación conflictiva / |c Graciela Rodríguez | ||
| 520 | |a El artículo sostiene que es necesario repensar, en el marco de los organismos internacionales, la relación entre comercio, crecimiento económico y género, y aprovechar la integración regional para lograr mejores condiciones de vida y sociedades más equitativas | ||
| 650 | |a GENERO | ||
| 650 | |a COMERCIO INTERNACIONAL | ||
| 650 | |a DESIGUALDAD SOCIAL | ||
| 650 | |a DESARROLLO ECONOMICO | ||
| 650 | |a INTEGRACION REGIONAL | ||
| 650 | |a AMERICA LATINA | ||
| 773 | |g número 218; páginas 148-162 | ||
| 999 | |c 28000 |d 28000 | ||
